Score 0/24 Timer 04:00
0 Plays Today
Song Title Missing Word % Correct
_____ Fu FightingKung
96.3%
Someone Like _____You
95.6%
_____ By MeStand
93.4%
Mr. Tambourine _____Man
93%
Come Sail _____Away
90.5%
_____ a PrayerLike
88.7%
I'll Be _____There
87.4%
_____ on EileenCome
86.9%
I'm Every _____Woman
85.1%
_____ There DelilahHey
83.2%
_____ Open SpacesWide
83.1%
_____ Moon RisingBad
79%
Song Title Missing Word % Correct
Black _____ WomanMagic
76.6%
Fat _____ GirlsBottomed
75.9%
_____ Don't LieHips
73.7%
Feel _____ Inc.Good
72.8%
Behind _____ EyesBlue
70.5%
Rock Your _____Body
66%
Before He _____Cheats
60%
Black Hole _____Sun
58.4%
Keeps Gettin' _____Better
55.3%
_____ de ReplayPon
35.2%
The _____ SongLazy
30.6%
The _____ ShowRock
19.9%

Today's Daily Dose

You're not logged in!

Compare scores with friends on all Sporcle quizzes.
OR
Log In

Sporcle TV

Today on Sporcle TV


Watch our educational content, quiz creation guides, and fun videos on Sporcle TV.

Show Comments

Extras

Top Quizzes Today


Score Distribution

Your Account Isn't Verified!

In order to create a playlist on Sporcle, you need to verify the email address you used during registration. Go to your Sporcle Settings to finish the process.

Report this User

Report this user for behavior that violates our Community Guidelines.

Details: